000
00220nam a22000857a 4500
008
170327b xxu||||| |||| 00| 0 eng d
100
_9
3040
_a
Misra.M.
245
_a
Manual on Social Science-VIII
260
_a
New Delhi
_b
APC
_c
2010
999
_c
6294
_d
6294